[Event "67th ch-RUS HL 2014"]
[Site "Vladivostok RUS"]
[Date "2014.06.05"]
[Round "2.24"]
[White "Nevostrujev, Vladimir"]
[Black "Nazaretyan, Tigran"]
[Result "1-0"]
[WhiteTitle "GM"]
[WhiteElo "2421"]
[BlackElo "2195"]
[WhiteFideId "4114345"]
[BlackFideId "24162345"]
[EventDate "2014.06.04"]

1. e4 c5 2. Nf3 Nc6 3. d4 cxd4 4. Nxd4 Nf6 5. Nc3 d6 6. Bg5 e6 7. Qd2 a6 8.
O-O-O Bd7 9. f4 b5 10. Bxf6 gxf6 11. f5 Qb6 12. fxe6 fxe6 13. Nce2 Qa5 14. Nxc6
Qxd2+ 15. Rxd2 Bxc6 16. Nd4 Bd7 17. Rd3 h5 18. Be2 Ke7 19. Kb1 h4 20. Rhd1 Bh6
21. Nf3 Bf4 22. e5 d5 23. exf6+ Kxf6 24. Rd4 Be5 25. Rg4 Rag8 26. Rxg8 Rxg8 27.
Rf1 h3 28. Nxe5+ Kxe5 29. gxh3 Rg2 30. Bg4 Rxh2 31. b4 d4 32. a3 Kd6 33. Re1 Rf2
34. h4 Rg2 35. Bf3 Rg3 36. Be4 Re3 37. Rxe3 dxe3 38. Kc1 Be8 39. Kd1 Ke5 40. Bb7
Kd4 41. Bxa6 e5 42. Bc8 Kc3 43. Bf5 Bh5+ 44. Ke1 Kb2 45. Bd3 Kxa3 46. c3 Be8 47.
Ke2 Kb3 48. Kxe3 Kxc3 49. Bxb5 Bf7 50. Ke4 Kxb4 51. Be2 Kc3 52. Kxe5 Kd2 53. Kf6
Be8 54. Bc4 Bh5 55. Kg5 Be8 56. Be6 Ke3 57. Bf5 Bf7 58. Bg6 Bg8 59. h5 Kf3 60.
h6 Kg3 61. Kf6 Kh4 62. Kg7 Kg5 63. Be8 1-0

[Event "67th ch-RUS HL 2014"]
[Site "Vladivostok RUS"]
[Date "2014.06.06"]
[Round "3.2"]
[White "Jakovenko, Dmitry"]
[Black "Zvjaginsev, Vadim"]
[Result "1/2-1/2"]
[WhiteTitle "GM"]
[BlackTitle "GM"]
[WhiteElo "2736"]
[BlackElo "2642"]
[WhiteFideId "4122356"]
[BlackFideId "4113403"]
[EventDate "2014.06.04"]

1. d4 Nf6 2. c4 e6 3. Nf3 d5 4. Nc3 c5 5. cxd5 Nxd5 6. e4 Nxc3 7. bxc3 cxd4 8.
cxd4 Bb4+ 9. Bd2 Bxd2+ 10. Qxd2 O-O 11. Rd1 b6 12. Bd3 Bb7 13. O-O Nd7 14. Qe3
Rc8 15. e5 h6 16. Rfe1 Bd5 17. Nd2 Qg5 18. Ne4 Qxe3 19. Rxe3 Bxe4 20. Bxe4 Rfd8
21. f4 Nc5 22. Bf3 Na4 23. Rd2 b5 24. d5 Nb6 25. Red3 Nxd5 26. Bxd5 Rxd5 27.
Rxd5 exd5 28. Rxd5 a6 29. Rd6 Rc4 30. Rxa6 Rxf4 31. e6 fxe6 32. Rxe6 Ra4 33. Re5
Rxa2 34. Rxb5 Ra1+ 35. Kf2 Ra2+ 36. Kf3 Ra3+ 37. Kf2 Ra2+ 38. Kf3 Ra3+ 39. Kf2
Ra2+ 40. Kf3 Ra3+ 41. Ke4 1/2-1/2

[Event "67th ch-RUS HL 2014"]
[Site "Vladivostok RUS"]
[Date "2014.06.06"]
[Round "3.4"]
[White "Tomashevsky, Evgeny"]
[Black "Bukavshin, Ivan"]
[Result "1/2-1/2"]
[WhiteTitle "GM"]
[BlackTitle "GM"]
[WhiteElo "2695"]
[BlackElo "2607"]
[WhiteFideId "4147235"]
[BlackFideId "4199758"]
[EventDate "2014.06.04"]

1. d4 Nf6 2. c4 e6 3. Nf3 d5 4. Nc3 c5 5. cxd5 cxd4 6. Qxd4 exd5 7. e4 Nc6 8.
Bb5 dxe4 9. Qxd8+ Kxd8 10. Ng5 Be6 11. Bf4 Bb4 12. Nxe6+ fxe6 13. Bxc6 bxc6 14.
Ke2 Ke7 15. Rac1 Bxc3 16. Rxc3 Nd5 17. Bg5+ Kd6 18. Rc4 Rhb8 19. Bc1 Rb4 20.
Rxb4 Nxb4 21. Rd1+ Nd5 22. Rd4 Ke5 23. Rc4 Rc8 24. b4 h5 25. g3 Kf5 26. h3 a6
27. Bd2 g5 28. Rc5 g4 29. h4 Rc7 30. Ra5 Ra7 31. Rc5 Rc7 32. Ra5 Ra7 33. a4 Rb7
34. Rc5 Rb8 35. Rc4 Rc8 36. Rc1 Rb8 37. Rc5 Rb7 38. Rc4 Rb8 39. Rc5 Rb7 40. Rc4
Rb8 41. Kd1 Rc8 42. Ke1 Rb8 43. Ke2 Rb7 44. Rc5 Rb8 45. Rc4 Ke5 1/2-1/2

[Event "67th ch-RUS HL 2014"]
[Site "Vladivostok RUS"]
[Date "2014.06.06"]
[Round "3.5"]
[White "Alekseev, Evgeny"]
[Black "Demchenko, Anton"]
[Result "1/2-1/2"]
[WhiteTitle "GM"]
[BlackTitle "GM"]
[WhiteElo "2673"]
[BlackElo "2613"]
[WhiteFideId "4138147"]
[BlackFideId "4160258"]
[EventDate "2014.06.04"]

1. e4 d6 2. d4 Nf6 3. Nc3 g6 4. Nf3 Bg7 5. Be2 O-O 6. O-O a6 7. Qd3 Nc6 8. d5
Nb8 9. a4 e5 10. dxe6 Bxe6 11. Nd4 Bd7 12. Bg5 Nc6 13. Nxc6 Bxc6 14. f3 Qe8 15.
Qd2 Qe5 16. Bf4 Qe7 17. Bg5 Qe5 18. Bf4 Qe7 19. Bg5 Qe5 1/2-1/2

[Event "67th ch-RUS HL 2014"]
[Site "Vladivostok RUS"]
[Date "2014.06.06"]
[Round "3.6"]
[White "Kobalia, Mikhail"]
[Black "Khismatullin, Denis"]
[Result "0-1"]
[WhiteTitle "GM"]
[BlackTitle "GM"]
[WhiteElo "2627"]
[BlackElo "2671"]
[WhiteFideId "4119150"]
[BlackFideId "4142578"]
[EventDate "2014.06.04"]

1. e4 c5 2. Nf3 d6 3. Bb5+ Nd7 4. O-O a6 5. Bd3 Ngf6 6. c3 b5 7. Bc2 Bb7 8. Re1
e5 9. d4 Be7 10. Nbd2 O-O 11. Nf1 Re8 12. Ng3 Bf8 13. d5 c4 14. Bg5 h6 15. Bd2
g6 16. h3 Bg7 17. b3 Qc7 18. Nh2 a5 19. a4 bxa4 20. bxc4 Nb6 21. c5 Qxc5 22. Qf3
h5 23. Bg5 Nh7 24. Be3 Qc7 25. Reb1 Nc4 26. Bxa4 Reb8 27. Bc1 Ba6 28. Rxb8+ Rxb8
29. Qe2 Nf6 30. Bc2 Na3 31. Qd2 Nxc2 32. Qxc2 Nd7 33. Ba3 Nc5 34. Nf3 Bc4 35. h4
Bh6 36. Qd1 Ba6 37. Qc2 Nb3 38. Rd1 Bc4 39. Ng5 Nc5 40. Re1 Rb3 41. Bxc5 Qxc5
42. Nf1 Qb5 43. Ne3 Bd3 44. Qd2 Bxg5 45. hxg5 Bxe4 46. Kh2 Rb2 47. c4 Qb3 48.
Qxa5 Rxf2 49. c5 Qb2 50. Rg1 Qe2 51. Qe1 0-1

[Event "67th ch-RUS HL 2014"]
[Site "Vladivostok RUS"]
[Date "2014.06.06"]
[Round "3.7"]
[White "Lysyj, Igor"]
[Black "Maletin, Pavel"]
[Result "1-0"]
[WhiteTitle "GM"]
[BlackTitle "GM"]
[WhiteElo "2670"]
[BlackElo "2588"]
[WhiteFideId "4150120"]
[BlackFideId "4146786"]
[EventDate "2014.06.04"]

1. d4 Nf6 2. c4 g6 3. Nc3 d5 4. Bf4 Bg7 5. e3 O-O 6. Rc1 Be6 7. c5 c6 8. h3 Nbd7
9. Bd3 b6 10. b4 a5 11. b5 bxc5 12. bxc6 cxd4 13. exd4 Nb6 14. c7 Qc8 15. Nf3
Nh5 16. Bh2 Bh6 17. Rb1 Nc4 18. Bxc4 dxc4 19. Rb8 Qa6 20. d5 Bc8 21. O-O Bg7 22.
Na4 c3 23. Nb6 Ra7 24. Nxc8 Rxc8 25. Qe2 1-0

[Event "67th ch-RUS HL 2014"]
[Site "Vladivostok RUS"]
[Date "2014.06.06"]
[Round "3.8"]
[White "Grachev, Boris"]
[Black "Gabrielian, Artur"]
[Result "1/2-1/2"]
[WhiteTitle "GM"]
[BlackTitle "GM"]
[WhiteElo "2661"]
[BlackElo "2544"]
[WhiteFideId "4129199"]
[BlackFideId "4131002"]
[EventDate "2014.06.04"]

1. d4 Nf6 2. c4 e6 3. Nf3 c5 4. d5 d6 5. Nc3 exd5 6. cxd5 g6 7. e4 Bg7 8. Be2
O-O 9. Be3 Bg4 10. O-O Bxf3 11. Bxf3 Nbd7 12. Bf4 Qe7 13. Qb3 Ne5 14. Be2 a6 15.
a4 Rab8 16. a5 Nfd7 17. Qc2 f5 18. exf5 Rxf5 19. Bg3 c4 20. Rfe1 Qf8 21. Ne4 b5
22. axb6 Rxb6 23. Ra2 Qa8 24. Rd1 Nf6 25. Nxf6+ Bxf6 26. Bxc4 Nxc4 27. Qxc4 Qb7
28. h3 Kg7 29. b3 h5 30. Rc2 Rb5 31. Qc6 Qf7 32. Qxd6 Rbxd5 33. Rxd5 Rxd5 34.
Qxa6 h4 35. Bf4 g5 36. Rc7 Rd7 37. Rxd7 Qxd7 38. Qd6 Qf5 39. Bc1 Qc2 40. Qd7+
Kh6 41. Be3 Qxb3 42. Qf5 Qc3 43. Kf1 Qc4+ 44. Ke1 Qb4+ 45. Bd2 Qd4 46. Ke2 Qc4+
47. Kf3 Qb3+ 48. Ke2 Qc4+ 49. Ke1 Qd4 50. Be3 Qb4+ 51. Ke2 Qc4+ 52. Kf3 Qc6+ 53.
Qe4 Qxe4+ 54. Kxe4 Kg6 55. Bd4 Bd8 56. Ke5 Bf6+ 57. Kd5 Bd8 58. Ke6 Ba5 59. Bc5
Bd2 60. Ke5 Bf4+ 61. Ke4 Bc7 62. Bb4 Bb6 63. Be1 Bc7 64. f3 Bb8 65. Bf2 Bc7 66.
Bd4 Bb8 67. Be5 Ba7 68. Bd6 Bb6 69. Be7 Bc7 70. Bc5 Bb8 71. Bd4 Bc7 72. Be5 Bb6
73. Bd6 Ba7 74. Ke5 Bb6 75. Ke6 Be3 76. Be5 Bd2 77. Bd4 Bf4 78. Bf2 Bb8 79. Be3
Bg3 1/2-1/2

[Event "67th ch-RUS HL 2014"]
[Site "Vladivostok RUS"]
[Date "2014.06.06"]
[Round "3.9"]
[White "Goganov, Aleksey"]
[Black "Najer, Evgeniy"]
[Result "1-0"]
[WhiteTitle "GM"]
[BlackTitle "GM"]
[WhiteElo "2591"]
[BlackElo "2653"]
[WhiteFideId "24109959"]
[BlackFideId "4118987"]
[EventDate "2014.06.04"]

1. Nf3 d5 2. g3 c6 3. Bg2 Bg4 4. c4 e6 5. O-O Nf6 6. Qb3 Qb6 7. Qc2 Be7 8. d3
O-O 9. b3 Nbd7 10. Bb2 a5 11. Nc3 Nc5 12. Ne5 d4 13. Ne4 Ncxe4 14. dxe4 Bh5 15.
Nd3 c5 16. Rae1 Nd7 17. e3 dxe3 18. Rxe3 f6 19. e5 Bg6 20. Qe2 f5 21. Nf4 Kh8
22. Rd1 Rfd8 23. Red3 Nf8 24. Rxd8 Rxd8 25. Rxd8 Bxd8 26. Qf3 Qb4 27. Qxb7 Qd2
28. Ba3 Qe1+ 29. Bf1 Qxe5 30. Qc8 Be7 31. Nd3 Qf6 32. Bxc5 e5 33. Bxe7 Qxe7 34.
Nxe5 1-0

[Event "67th ch-RUS HL 2014"]
[Site "Vladivostok RUS"]
[Date "2014.06.06"]
[Round "3.10"]
[White "Oparin, Grigoriy"]
[Black "Riazantsev, Alexander"]
[Result "0-1"]
[WhiteTitle "GM"]
[BlackTitle "GM"]
[WhiteElo "2552"]
[BlackElo "2692"]
[WhiteFideId "24125890"]
[BlackFideId "4125029"]
[EventDate "2014.06.04"]

1. e4 e6 2. d4 d5 3. Nc3 Bb4 4. e5 Ne7 5. a3 Bxc3+ 6. bxc3 b6 7. Qg4 Ng6 8. h4
h5 9. Qd1 c5 10. Bb5+ Bd7 11. Bd3 Ba4 12. Bxg6 fxg6 13. Qd3 O-O 14. Qxg6 Qe8 15.
Qxe8 Rxe8 16. Ra2 cxd4 17. cxd4 Rc8 18. Rh3 Bxc2 19. Bd2 Bf5 20. Rc3 Rc4 21. Ne2
Nc6 22. Rb2 Rc8 23. Rxc4 dxc4 24. Bc3 Rd8 25. a4 Bd3 26. Nf4 Nxd4 27. Nxd3 cxd3
28. Kd2 Nc6 29. a5 bxa5 30. Rb7 Rf8 31. f3 Rf7 32. Rb5 Rf4 33. Rc5 Ne7 34. Rxa5
Rxh4 35. Ra6 Rh2 36. Kxd3 Rxg2 37. Rxe6 h4 38. Rxe7 h3 39. e6 h2 40. Re8+ Kh7
41. Bxg7 Kxg7 42. e7 h1=Q 43. Rg8+ Kf6 44. Kd4 0-1

[Event "67th ch-RUS HL 2014"]
[Site "Vladivostok RUS"]
[Date "2014.06.06"]
[Round "3.11"]
[White "Matlakov, Maxim"]
[Black "Evdokimov, Alexander A."]
[Result "1-0"]
[WhiteTitle "GM"]
[BlackTitle "GM"]
[WhiteElo "2689"]
[BlackElo "2548"]
[WhiteFideId "4168003"]
[BlackFideId "4139275"]
[EventDate "2014.06.04"]

1. Nf3 c5 2. c4 Nf6 3. Nc3 g6 4. d4 cxd4 5. Nxd4 Bg7 6. e4 O-O 7. Be2 Nc6 8. Be3
d6 9. O-O Nxd4 10. Bxd4 Bd7 11. Qd2 Bc6 12. f3 a5 13. b3 Nd7 14. Be3 Nc5 15.
Rab1 Qb6 16. Rfc1 Rfc8 17. Rc2 Qd8 18. Bf1 Qf8 19. g3 f5 20. Bh3 Rd8 21. exf5
gxf5 22. Bg2 Qf7 23. Rd1 Rd7 24. Nd5 Ra6 25. Qe2 Kh8 26. Rcd2 e5 27. b4 Bxd5 28.
Rxd5 Ne6 29. bxa5 Nc7 30. R5d2 Rc6 31. Bh3 Ne6 32. Qd3 f4 33. gxf4 exf4 34. Bf2
Re7 35. Qd5 Qg6+ 36. Kh1 Ng5 37. Bf5 Qe8 38. Qd3 Qh5 39. Bg4 Qf7 40. c5 dxc5 41.
Qd8+ Bf8 42. a6 bxa6 43. Qa8 Rcc7 44. Rd8 Kg7 45. h4 Ra7 46. Qd5 Qxd5 47. R8xd5
Ne6 48. Rg1 Kf7 49. Rf5+ Kg8 50. Rf6 Ng7 51. h5 h6 52. Rxh6 Kf7 53. Bxc5 Nf5 54.
Rh7+ Kf6 55. Bxe7+ Nxe7 56. Re1 Rc7 57. Re6+ Kg5 58. Rf7 Kh4 59. Rxf8 Nd5 60.
Re1 1-0

[Event "67th ch-RUS HL 2014"]
[Site "Vladivostok RUS"]
[Date "2014.06.06"]
[Round "3.12"]
[White "Stukopin, Andrey"]
[Black "Inarkiev, Ernesto"]
[Result "0-1"]
[WhiteTitle "GM"]
[BlackTitle "GM"]
[WhiteElo "2546"]
[BlackElo "2682"]
[WhiteFideId "24107131"]
[BlackFideId "4162722"]
[EventDate "2014.06.04"]

1. Nf3 d5 2. g3 Nf6 3. Bg2 g6 4. O-O Bg7 5. d3 O-O 6. Nbd2 c5 7. e4 Nc6 8. Re1
e5 9. exd5 Nxd5 10. a3 h6 11. Rb1 a5 12. Nc4 Re8 13. a4 Ndb4 14. Be3 b6 15. Qd2
Kh7 16. Rbd1 Be6 17. c3 Nd5 18. Qc2 Qc7 19. h4 Kg8 20. h5 g5 21. Bxg5 hxg5 22.
Nxg5 Rad8 23. d4 cxd4 24. cxd4 Nxd4 25. Qh7+ Kf8 26. h6 Bf6 27. Nxe6+ Rxe6 28.
Nd2 Ke7 29. Ne4 Qc4 30. b3 Qxb3 31. Nc5 bxc5 32. Rb1 Nf3+ 33. Bxf3 Qxf3 34. Rb7+
Rd7 0-1

[Event "67th ch-RUS HL 2014"]
[Site "Vladivostok RUS"]
[Date "2014.06.06"]
[Round "3.13"]
[White "Khairullin, Ildar"]
[Black "Airapetian, Gor"]
[Result "1/2-1/2"]
[WhiteTitle "GM"]
[BlackTitle "IM"]
[WhiteElo "2648"]
[BlackElo "2472"]
[WhiteFideId "4151348"]
[BlackFideId "4177916"]
[EventDate "2014.06.04"]

1. c4 e5 2. g3 Nf6 3. Bg2 Nc6 4. Nc3 g6 5. Nf3 Bg7 6. O-O O-O 7. d4 exd4 8. Nxd4
Re8 9. Nc2 d6 10. b3 a6 11. Bb2 Rb8 12. Qd2 Bd7 13. Ne3 Ne5 14. Ncd5 Bc6 15.
Rac1 Ned7 16. Bd4 Ne4 17. Qb2 Bxd4 18. Qxd4 Nef6 19. Rc2 a5 20. a3 Ne5 21. Qc3
Bxd5 22. cxd5 c5 23. dxc6 bxc6 24. Nc4 Nxc4 25. bxc4 Ne4 26. Qd4 c5 27. Qd3 Qe7
28. Rd1 Rb6 29. Rcc1 Qe5 30. f4 Qf5 31. Rb1 Rxb1 32. Qxb1 Qe6 33. Qd3 f5 34. Rb1
Qf6 35. Bf3 Kg7 36. Kg2 g5 37. Rb7+ Kh6 38. fxg5+ Nxg5 39. Qd2 Kg6 40. Bc6 Re7
41. h4 Rxb7 42. Bxb7 Ne4 43. Bxe4 fxe4 44. Qd5 Qd4 45. Qg8+ Kf6 46. Qh8+ Kg6 47.
Qg8+ Kf6 48. Qxh7 Qxc4 49. Qh6+ Ke7 50. Qg7+ Ke8 51. Qg4 Ke7 52. h5 Qe6 53. Qf4
Qc4 54. Qg5+ Kf8 55. Qf6+ Kg8 56. Qg6+ Kh8 57. Qf6+ Kg8 58. Qd8+ Kg7 59. Qe7+
Kh6 60. Kh3 Kxh5 61. Qg7 Qb3 62. Qh7+ Kg5 63. Qxe4 Kf6 64. Qh4+ Ke5 1/2-1/2

[Event "67th ch-RUS HL 2014"]
[Site "Vladivostok RUS"]
[Date "2014.06.06"]
[Round "3.14"]
[White "Moiseenko, Vadim"]
[Black "Potkin, Vladimir"]
[Result "1/2-1/2"]
[WhiteTitle "IM"]
[BlackTitle "GM"]
[WhiteElo "2474"]
[BlackElo "2621"]
[WhiteFideId "4123700"]
[BlackFideId "4131061"]
[EventDate "2014.06.04"]

1. e4 c5 2. Nf3 e6 3. c4 Nc6 4. Nc3 Nd4 5. Nxd4 cxd4 6. Ne2 e5 7. Ng3 g6 8. Be2
h5 9. O-O Bh6 10. d3 Qf6 11. c5 d6 12. Qa4+ Bd7 13. Qb4 Bc6 14. cxd6 Rd8 15. Qc5
h4 16. Nh1 Qxd6 17. Qxa7 f5 18. f3 Nf6 19. Bxh6 Rxh6 20. Nf2 Nh5 21. Rfe1 Nf4
22. Bf1 Rh7 23. Rac1 Re7 24. Qa5 Kf7 25. Rc5 Rb8 26. Qb6 Ra8 27. Ra5 Rxa5 28.
Qxa5 Kg7 29. b4 Re8 30. Qb6 Qd7 31. Rc1 Ne6 32. Qa5 Kf6 33. Nh3 Ba4 34. a3 Bc6
35. Be2 Qd8 36. Qxd8+ Rxd8 37. Bd1 Bb5 38. Nf2 Ra8 39. Ra1 Nf4 40. a4 fxe4 41.
Ng4+ Ke6 42. dxe4 Ne2+ 43. Kf2 Nc3 44. Bb3+ Kd6 45. a5 Rf8 46. Re1 Bd3 47. Nh6
Ke7 48. Ng4 Kd6 49. Nh6 Ke7 50. Ng4 1/2-1/2

[Event "67th ch-RUS HL 2014"]
[Site "Vladivostok RUS"]
[Date "2014.06.06"]
[Round "3.15"]
[White "Vorobiov, Evgeny E."]
[Black "Nevostrujev, Vladimir"]
[Result "1/2-1/2"]
[WhiteTitle "GM"]
[BlackTitle "GM"]
[WhiteElo "2587"]
[BlackElo "2421"]
[WhiteFideId "4121341"]
[BlackFideId "4114345"]
[EventDate "2014.06.04"]

1. d4 d5 2. c4 dxc4 3. Nf3 e6 4. e3 Nf6 5. Bxc4 c5 6. O-O a6 7. Bb3 Nc6 8. Nc3
Be7 9. dxc5 Nd7 10. Nd4 Qc7 11. Ne4 O-O 12. Bc2 g6 13. Nxc6 Qxc6 14. b4 a5 15.
bxa5 Nxc5 16. Qd4 Nxe4 17. Bxe4 Qd6 18. Qxd6 Bxd6 19. Bd2 Bc7 20. Bb4 Re8 21. a6
Rxa6 22. Rac1 Bd6 23. Bxd6 Rxd6 24. Rfd1 Rxd1+ 25. Rxd1 Kf8 26. g4 e5 27. g5 Be6
28. a4 Ra8 29. Ra1 Ra7 30. a5 Ke7 31. Kg2 b5 32. axb6 Rxa1 33. b7 Rb1 34. Bxb1
Bd5+ 35. Kg3 Bxb7 36. h4 f6 37. h5 fxg5 38. h6 Kf6 39. Ba2 Bc8 40. Bg8 g4 41.
Kh4 Bf5 42. Bc4 g5+ 43. Kh5 Bc2 44. Kxg4 Bd1+ 45. Kg3 e4 46. f4 Kg6 1/2-1/2

[Event "67th ch-RUS HL 2014"]
[Site "Vladivostok RUS"]
[Date "2014.06.06"]
[Round "3.16"]
[White "Diu, Viacheslav"]
[Black "Belous, Vladimir"]
[Result "0-1"]
[WhiteTitle "IM"]
[BlackTitle "GM"]
[WhiteElo "2468"]
[BlackElo "2586"]
[WhiteFideId "4167465"]
[BlackFideId "4174003"]
[EventDate "2014.06.04"]

1. e4 c5 2. Nf3 Nc6 3. d4 cxd4 4. Nxd4 e5 5. Nb5 d6 6. c4 Be7 7. N1c3 a6 8. Na3
f5 9. exf5 Bxf5 10. Nc2 Nf6 11. Ne3 Be6 12. g3 O-O 13. Bg2 Kh8 14. O-O Rc8 15.
b3 b5 16. cxb5 axb5 17. Nxb5 d5 18. Bb2 d4 19. Nc4 Bxc4 20. bxc4 Na5 21. Rc1
Nxc4 22. Ba1 Qa5 23. Qb3 Nd2 24. Qe6 Nxf1 25. Rxc8 Ne3 26. Rxf8+ Bxf8 27. fxe3
Qe1+ 28. Bf1 dxe3 29. Qc4 Qxa1 30. Nc7 Qe1 31. Qe2 Qd2 32. Ne6 Be7 33. Ng5 Qd5
34. Nf3 Bc5 35. Kg2 e4 36. Ng1 Qf5 37. Nh3 g5 38. Ng1 Kg7 39. Qb2 Kg6 40. Bc4
Ng4 41. Bb5 Ne5 42. a4 g4 43. Kh1 Nd3 44. Qc2 Kh6 45. Bc4 Bd4 46. Bb5 Kg5 47.
Qa2 Nf2+ 48. Kg2 Nh3 49. Qe2 Qf3+ 50. Nxf3+ exf3+ 51. Qxf3 gxf3+ 52. Kxf3 Ng1+
53. Ke4 Bc5 54. a5 e2 0-1

[Event "67th ch-RUS HL 2014"]
[Site "Vladivostok RUS"]
[Date "2014.06.06"]
[Round "3.17"]
[White "Yuffa, Daniil"]
[Black "Shomoev, Anton"]
[Result "1/2-1/2"]
[WhiteTitle "IM"]
[BlackTitle "GM"]
[WhiteElo "2444"]
[BlackElo "2574"]
[WhiteFideId "24131423"]
[BlackFideId "4135148"]
[EventDate "2014.06.04"]

1. d4 g6 2. c4 Bg7 3. g3 c5 4. d5 b5 5. cxb5 a6 6. bxa6 Nf6 7. Bg2 d6 8. Nc3 O-O
9. Nf3 Nxa6 10. O-O Bf5 11. Ne1 Qd7 12. e4 Bh3 13. Rb1 Rfb8 14. Bd2 Nc7 15. f3
Bxg2 16. Nxg2 Nb5 17. Ne3 Nxc3 18. bxc3 Rxb1 19. Qxb1 Qa7 20. Nc4 Nd7 21. Qb5
Rb8 22. Qa5 Qb7 23. Qa4 Ne5 24. Nxe5 Bxe5 25. Qc2 h5 26. Ra1 Qa6 27. f4 Bg7 28.
Rb1 Ra8 29. Kf2 Qc4 30. Rb2 Ra3 31. Rb3 Ra4 32. Rb2 Ra3 33. Rb3 Ra7 34. Rb2 Kh7
35. Be1 e6 36. dxe6 Qxe6 37. Qe2 Ra4 38. Kf3 d5 39. exd5 Qxd5+ 40. Kf2 Re4 41.
Qf3 h4 42. Re2 Rxe2+ 43. Qxe2 h3 44. g4 g5 45. Qf3 Qxa2+ 46. Kg3 Qb1 1/2-1/2

[Event "67th ch-RUS HL 2014"]
[Site "Vladivostok RUS"]
[Date "2014.06.06"]
[Round "3.18"]
[White "Kravtsov, Sergey"]
[Black "Looshnikov, Nikolai"]
[Result "0-1"]
[WhiteTitle "IM"]
[BlackTitle "IM"]
[WhiteElo "2311"]
[BlackElo "2480"]
[WhiteFideId "4123816"]
[BlackFideId "4150104"]
[EventDate "2014.06.04"]

1. Nf3 Nf6 2. c4 e6 3. g3 d5 4. Bg2 a6 5. cxd5 exd5 6. d4 Bd6 7. O-O O-O 8. Nc3
c6 9. Qc2 Re8 10. Nh4 h6 11. Bd2 Be6 12. Rad1 Nbd7 13. Bc1 Rc8 14. Rfe1 Nb6 15.
Na4 Nxa4 16. Qxa4 Qd7 17. Bf1 Ne4 18. Ng2 b5 19. Qb3 a5 20. a3 a4 21. Qa2 Bh3
22. Rd3 Bf5 23. Re3 c5 24. Nh4 cxd4 25. Rf3 Bg4 26. Rd3 Rc4 27. f3 Nc5 28. Rdd1
Bh3 29. Qb1 Bxf1 30. Kxf1 Qh3+ 31. Kg1 d3 32. Ng2 Rxe2 33. Rxe2 dxe2 34. Re1 Nb3
35. Bf4 Bxf4 36. Nxf4 Rxf4 37. Rxe2 Qf5 0-1

[Event "67th ch-RUS HL 2014"]
[Site "Vladivostok RUS"]
[Date "2014.06.06"]
[Round "3.19"]
[White "Usmanov, Vasily"]
[Black "Iskusnyh, Sergei"]
[Result "0-1"]
[BlackTitle "GM"]
[WhiteElo "2428"]
[BlackElo "2478"]
[WhiteFideId "4135741"]
[BlackFideId "4120027"]
[EventDate "2014.06.04"]

1. d4 d5 2. Nf3 Nf6 3. c4 c6 4. e3 a6 5. Nc3 e6 6. b3 Bb4 7. Bd2 Bd6 8. Bd3 c5
9. cxd5 exd5 10. dxc5 Bxc5 11. O-O O-O 12. Qc2 Nc6 13. Ne2 Bb6 14. Bc3 Bg4 15.
Ne5 Bxe2 16. Qxe2 Nxe5 17. Bxe5 Re8 18. Qb2 Ng4 19. Bd4 Qd6 20. g3 Qh6 21. h4
Rad8 22. Bxb6 Qxb6 23. Qd4 Qe6 24. Be2 Ne5 25. Rfd1 Nc6 26. Qf4 Rd6 27. Bf3 Red8
28. Rd2 Qe5 29. Qxe5 Nxe5 30. Bg2 Nc6 31. Rad1 Ne7 32. Rd4 Kf8 33. e4 R6d7 34.
exd5 Nf5 35. Rc4 Nd6 36. Rc2 Ke8 37. f4 Re7 38. Kf2 Rdd7 39. Bf1 Rc7 40. Rxc7
Rxc7 41. Bd3 h5 42. Ke3 Ke7 43. Kd4 a5 44. Re1+ Kf6 45. a3 g6 46. Rb1 Ke7 47. b4
axb4 48. Rxb4 Rc1 49. Rb1 Rc8 50. a4 Ra8 51. Rb4 Rc8 52. a5 Ra8 53. Ra4 Rc8 54.
Ra1 Ra8 55. Ke5 Re8 56. f5 gxf5 57. Bxf5 Rg8 58. a6 Nxf5 59. a7 Nd6 60. a8=Q Rg4
61. Qf8+ Kxf8 62. Kxd6 Rxg3 63. Ra8+ Kg7 64. Kd7 Rg4 65. d6 Rxh4 66. Kc7 Rc4+
67. Kxb7 Rd4 68. Kc6 Kf6 69. d7 Kf5 70. Ra5+ Ke6 71. Rxh5 Rd6+ 72. Kc5 Rxd7 73.
Rh1 f5 74. Re1+ Kf6 75. Rf1 Rd8 76. Kc4 Kg5 77. Rg1+ Kf4 78. Rf1+ Kg4 79. Rg1+
Kh3 80. Rf1 Rf8 81. Kd3 Kg3 82. Ra1 f4 83. Ke2 f3+ 84. Kf1 Rh8 0-1

[Event "67th ch-RUS HL 2014"]
[Site "Vladivostok RUS"]
[Date "2014.06.06"]
[Round "3.20"]
[White "Egorov, Dmitry"]
[Black "Gochelashvili, David"]
[Result "0-1"]
[WhiteTitle "FM"]
[BlackTitle "IM"]
[WhiteElo "2343"]
[BlackElo "2431"]
[WhiteFideId "4128303"]
[BlackFideId "4161203"]
[EventDate "2014.06.04"]

1. e4 c5 2. c3 g6 3. d4 cxd4 4. cxd4 d5 5. exd5 Qxd5 6. Nc3 Qd6 7. Bb5+ Bd7 8.
Nge2 Nf6 9. Bf4 Qb6 10. Rc1 Bxb5 11. Nxb5 Qxb5 12. Rc8+ Kd7 13. Qc2 Qa5+ 14. b4
Qxb4+ 15. Kd1 Nc6 16. Rxa8 Nd5 17. Bd2 Qa3 18. Nc3 Nc7 19. Nb5 Nxb5 20. d5 Ncd4
21. Qc8+ Kd6 22. Qc4 Kd7 23. Qc8+ Kd6 24. Qc4 Kd7 25. Rb8 Qa6 26. Qc8+ Kd6 27.
Rxb7 Qa4+ 28. Ke1 Kxd5 29. Qd7+ Ke5 30. f4+ Kf6 31. Qd5 Kg7 32. f5 Nd6 33. f6+
exf6 34. Rc7 Qe8+ 35. Kd1 Qe2+ 36. Kc1 Qd3 37. Kd1 Qe2+ 38. Kc1 Qd3 39. Kd1 Qb1+
40. Rc1 Qe4 41. Qxe4 Nxe4 42. Be3 Bc5 43. Bxd4 Bxd4 44. Rc4 Nf2+ 45. Ke2 Re8+
46. Kf3 Bb6 0-1

[Event "67th ch-RUS HL 2014"]
[Site "Vladivostok RUS"]
[Date "2014.06.06"]
[Round "3.21"]
[White "Rychkov, Oleg"]
[Black "Chekhov, Sergei"]
[Result "0-1"]
[WhiteTitle "FM"]
[BlackTitle "IM"]
[WhiteElo "2333"]
[BlackElo "2467"]
[WhiteFideId "4122852"]
[BlackFideId "4195639"]
[EventDate "2014.06.04"]

1. e4 c5 2. Nf3 e6 3. d4 cxd4 4. Nxd4 a6 5. Nc3 Qc7 6. g3 Bb4 7. Qd3 Nf6 8. Bg2
Nc6 9. Nxc6 dxc6 10. Bg5 e5 11. Bxf6 gxf6 12. Qf3 Ke7 13. a3 Bc5 14. h4 Qb6 15.
Nd1 Qa5+ 16. c3 Qa4 17. b4 Ba7 18. Ne3 Rd8 19. O-O Be6 20. Rfd1 Rxd1+ 21. Rxd1
Bxe3 22. fxe3 Qxa3 23. Rf1 Qxc3 24. Qxf6+ Kd6 25. Bh3 Qxe3+ 26. Kh2 Qd2+ 27. Rf2
Qxb4 28. Bxe6 fxe6 29. Qg7 Rd8 30. Rf7 Qxe4 31. Rxb7 Qe2+ 32. Kh3 Qf1+ 33. Kh2
Qf2+ 34. Kh3 Qf5+ 35. Kh2 Qc2+ 36. Kh3 Qf5+ 37. Kh2 Qf2+ 38. Kh3 Qf1+ 39. Kh2
Qe2+ 40. Kh3 Kc5 41. Qe7+ Rd6 42. Rb1 h5 43. Qa7+ Kd5 44. Ra1 Qg4+ 45. Kh2 Qe2+
46. Kh3 c5 47. Qb7+ Kd4 48. Qb3 Qg4+ 49. Kh2 Qe2+ 50. Kh3 Ke4 51. Qb1+ Rd3 52.
Qb7+ Ke3 53. Qg7 e4 54. Qg5+ Kf2 55. Qxc5+ Re3 56. Qg5 Qf3 57. Ra2+ Re2 58.
Rxe2+ Qxe2 59. Qf6+ Kg1 60. Qd4+ Qf2 61. Qe3 a5 0-1